Faculty of Law Library — Cairo University

Official Online Catalog

Dispute settlement in the World Trade Organization : (Record no. 64472)

MARC details
000 -LEADER
fixed length control field 01631cam a2200433 i 4500
003 - CONTROL NUMBER IDENTIFIER
control field EG-GICUC
005 - DATE AND TIME OF LATEST TRANSACTION
control field 20260301095923.0
008 - FIXED-LENGTH DATA ELEMENTS--GENERAL INFORMATION
fixed length control field 030911s2004 enk frb 001 0 eng d
020 ## - INTERNATIONAL STANDARD BOOK NUMBER
International Standard Book Number 0521823110
Qualifying information hbk.
020 ## - INTERNATIONAL STANDARD BOOK NUMBER
International Standard Book Number 0521530032
Qualifying information pbk.
020 ## - INTERNATIONAL STANDARD BOOK NUMBER
International Standard Book Number 9780521823111
Qualifying information (hbk.)
020 ## - INTERNATIONAL STANDARD BOOK NUMBER
International Standard Book Number 9780521530033
Qualifying information (pbk.)
040 ## - CATALOGING SOURCE
Original cataloging agency DLC
Transcribing agency DLC
Modifying agency DLC
-- EG-GICUC
Language of cataloging eng
Description conventions rda
050 00 - LIBRARY OF CONGRESS CALL NUMBER
Classification number K4610.5
Item number .P35 2004
082 00 - DEWEY DECIMAL CLASSIFICATION NUMBER
Classification number 347.22
Edition number 21
092 04 - LOCALLY ASSIGNED DEWEY CALL NUMBER (OCLC)
Edition number 21
099 ## - LOCAL FREE-TEXT CALL NUMBER (OCLC)
Classification number Law 12 2004
100 1# - MAIN ENTRY--PERSONAL NAME
Personal name Palmeter, N. David.
245 10 - TITLE STATEMENT
Title Dispute settlement in the World Trade Organization :
Remainder of title practice and procedure /
Statement of responsibility, etc. David Palmeter and Petros C. Mavroidis.
250 ## - EDITION STATEMENT
Edition statement 2nd edition.
264 ## - PRODUCTION, PUBLICATION, DISTRIBUTION, MANUFACTURE, AND COPYRIGHT NOTICE
Place of production, publication, distribution, manufacture Cambridge, UK ;
-- New York :
Name of producer, publisher, distributor, manufacturer Cambridge University Press,
Date of production, publication, distribution, manufacture, or copyright notice 2004.
300 ## - PHYSICAL DESCRIPTION
Extent xviii, 330 pages ;
Dimensions 24 cm.
336 ## - CONTENT TYPE
Content type term text
Source rdacontent
337 ## - MEDIA TYPE
Media type term Computer
Source rdamedia
338 ## - CARRIER TYPE
Carrier type term Online Resource
Source rdacarrier
504 ## - BIBLIOGRAPHY, ETC. NOTE
Bibliography, etc. note Includes bibliographical references (p. 310-315) and index.
610 20 - SUBJECT ADDED ENTRY--CORPORATE NAME
Corporate name or jurisdiction name as entry element World Trade Organization.
650 #0 - SUBJECT ADDED ENTRY--TOPICAL TERM
Topical term or geographic name entry element Arbitration (International law)
650 #0 - SUBJECT ADDED ENTRY--TOPICAL TERM
Topical term or geographic name entry element Tariff
General subdivision Law and legislation.
650 #0 - SUBJECT ADDED ENTRY--TOPICAL TERM
Topical term or geographic name entry element Foreign trade regulation.
651 1# - SUBJECT ADDED ENTRY--GEOGRAPHIC NAME
Source of heading or term
700 1# - ADDED ENTRY--PERSONAL NAME
Personal name Mavroidis, Petros C.
856 42 - ELECTRONIC LOCATION AND ACCESS
Uniform Resource Identifier <a href="https://fll.law.cu.edu.eg/fulltext/bks/ENGB12-00040.pdf">https://fll.law.cu.edu.eg/fulltext/bks/ENGB12-00040.pdf</a>
856 42 - ELECTRONIC LOCATION AND ACCESS
Materials specified Publisher description
Uniform Resource Identifier <a href="http://www.loc.gov/catdir/description/cam041/2003049548.html">http://www.loc.gov/catdir/description/cam041/2003049548.html</a>
856 41 - ELECTRONIC LOCATION AND ACCESS
Materials specified Table of contents
Uniform Resource Identifier <a href="http://www.loc.gov/catdir/toc/cam041/2003049548.html">http://www.loc.gov/catdir/toc/cam041/2003049548.html</a>
856 42 - ELECTRONIC LOCATION AND ACCESS
Materials specified Contributor biographical information
Uniform Resource Identifier <a href="http://www.loc.gov/catdir/enhancements/fy0732/2003049548-b.html">http://www.loc.gov/catdir/enhancements/fy0732/2003049548-b.html</a>
905 ## - Cataloger and Reviser Names
Cataloger Name: Hend El khosy
942 ## - ADDED ENTRY ELEMENTS (KOHA)
Source of classification or shelving scheme Dewey Decimal Classification
Koha item type Books
Edition 21
Suppress in OPAC No
Holdings
Withdrawn status Lost status Source of classification or shelving scheme Damaged status Not for loan Collection Home library Current library Date acquired Total checkouts Full call number Barcode Date last seen Copy number Price effective from Koha item type Public note
    Dewey Decimal Classification     القانون الدولي الخاص جــــامعة القــاهرة مكتبة كلية الحقوق - فـرع الشيخ زايد 01.03.2026   Law2 12 347.22 PA . D 2 ed - 2004 1200040 ENGB12-00040 01.03.2026 1 01.03.2026 Books 354
    Dewey Decimal Classification     القانون الدولي الخاص جــــامعة القــاهرة مكتبة كلية الحقوق - فـرع الشيخ زايد 01.03.2026   Law2 12 347.22 PA . D 2 ed - 2004 1200041 ENGB12-00041 01.03.2026 2 01.03.2026 Books 1774

© All rights reserved — Faculty of Law, Cairo University